[Event "Nezhmetdinov Memorial 38th"]
[Site "Kazan"]
[Date "2016.06.08"]
[Round "9"]
[White "Andreev, Viktor"]
[Black "Ashrafzianov, Igor"]
[Result "0-1"]
[WhiteElo "2128"]
[BlackElo "1962"]
[PlyCount "74"]
[EventDate "2016.05.31"]
[EventType "swiss"]
[EventRounds "9"]
[EventCountry "RUS"]
[SourceTitle "CBM 172 Extra"]
[Source "ChessBase"]
[SourceDate "2016.06.21"]
[SourceVersion "1"]
[SourceVersionDate "2016.06.21"]
[SourceQuality "1"]

1. d4 Nf6 2. c4 c5 3. e3 cxd4 4. exd4 d5 5. Nc3 Nc6 6. Nf3 g6 7. Be2 Bg7 8. 0-0 0-0 9. Be3 Be6 10. b3 Rc8 11. Rc1 Qa5 12. Bd2 Qc7 13. Bg5 Rfd8 14. Nb5 Qd7 15. c5 Ne4 16. Bf4 Bg4 17. Be3 a6 18. Nc3 e5 19. Na4 Rc7 20. Nxe5 Nxe5 21. f3 Nc6 22. fxg4 Qe6 23. g5 Ng3 24. hxg3 Qxe3+ 25. Kh2 Nxd4 26. Bg4 Qxg5 27. Rf4 Ne6 28. Bxe6 fxe6 29. Rc2 e5 30. Rh4 h5 31. Rd2 d4 32. Qe2 Rf7 33. Rd1 Rdf8 34. Qc4 Kh7 35. Qd5 Rf1 36. Rhxd4 Qe3 37. Kh3 exd4 0-1

[Event "Nezhmetdinov Memorial 38th"]
[Site "Kazan"]
[Date "2016.06.05"]
[Round "6"]
[White "Fakhrutdinov, Timur"]
[Black "Andreev, Viktor"]
[Result "1-0"]
[WhiteElo "2336"]
[BlackElo "2128"]
[PlyCount "65"]
[EventDate "2016.05.31"]
[EventType "swiss"]
[EventRounds "9"]
[EventCountry "RUS"]
[SourceTitle "CBM 172 Extra"]
[Source "ChessBase"]
[SourceDate "2016.06.21"]
[SourceVersion "1"]
[SourceVersionDate "2016.06.21"]
[SourceQuality "1"]

1. e4 d6 2. d4 g6 3. Nc3 Bg7 4. f4 Nf6 5. Nf3 0-0 6. Bd3 Nc6 7. e5 Ne8 8. Be3 dxe5 9. fxe5 Nb4 10. Bc4 Bf5 11. Bb3 c5 12. dxc5 Qxd1+ 13. Rxd1 Bxc2 14. Rd7 Nd3+ 15. Ke2 Nxe5 16. Nxe5 Bxb3 17. axb3 Bxe5 18. Rxe7 f6 19. Rd1 Rf7 20. Rxf7 Kxf7 21. Rd7+ Ke6 22. Rxb7 Nc7 23. b4 Kd7 24. b5 Kc8 25. c6 Rb8 26. Rxa7 Nxb5 27. Rxh7 f5 28. Nd5 f4 29. Bb6 Nd4+ 30. Bxd4 Bxd4 31. Rc7+ Kd8 32. Rd7+ Ke8 33. Nc7+ 1-0

[Event "Nezhmetdinov Memorial 38th"]
[Site "Kazan"]
[Date "2016.06.03"]
[Round "4"]
[White "Andreev, Viktor"]
[Black "Severina, Maria"]
[Result "0-1"]
[WhiteElo "2128"]
[BlackElo "2330"]
[PlyCount "66"]
[EventDate "2016.05.31"]
[EventType "swiss"]
[EventRounds "9"]
[EventCountry "RUS"]
[SourceTitle "CBM 172 Extra"]
[Source "ChessBase"]
[SourceDate "2016.06.21"]
[SourceVersion "1"]
[SourceVersionDate "2016.06.21"]
[SourceQuality "1"]

1. e4 e5 2. Nf3 Nc6 3. Bb5 a6 4. Ba4 g6 5. 0-0 Bg7 6. c3 d6 7. h3 Nf6 8. d4 0-0 9. Re1 Bd7 10. Bg5 Qe8 11. Bc2 h6 12. Be3 Nh5 13. Qc1 Kh7 14. d5 Ne7 15. g4 Nf6 16. Nbd2 Nfg8 17. Nf1 Kh8 18. Nh4 f5 19. exf5 gxf5 20. gxf5 Qh5 21. Ng2 Qxh3 22. Bd2 Nxf5 23. Nfe3 Nh4 24. Nxh4 Qxh4 25. Re2 Nf6 26. Ng2 Qh5 27. f3 Nxd5 28. Be4 c6 29. Ne3 Nf4 30. Rh2 Nh3+ 31. Kg2 d5 32. Bf5 Rxf5 33. Nxf5 Qxf5 0-1

[Event "Khanty-Mansiysk Governor Cup 7th"]
[Site "Khanty-Mansiysk"]
[Date "2011.09.08"]
[Round "9"]
[White "Belyakov, Bogdan"]
[Black "Andreev, Viktor"]
[Result "1-0"]
[WhiteElo "2367"]
[BlackElo "2196"]
[PlyCount "77"]
[EventDate "2011.08.31"]
[EventType "swiss"]
[EventRounds "9"]
[EventCountry "RUS"]
[SourceTitle "CBM 144 Extra"]
[Source "ChessBase"]
[SourceDate "2011.10.28"]
[SourceVersion "1"]
[SourceVersionDate "2011.10.28"]
[SourceQuality "1"]

1. e4 e5 2. Nf3 Nc6 3. Bc4 Be7 4. 0-0 Nf6 5. d3 0-0 6. Re1 d6 7. c3 Nd7 8. Nbd2 Bf6 9. a4 a6 10. a5 Re8 11. Nf1 Nf8 12. Ne3 Ne7 13. d4 c6 14. h3 exd4 15. Nxd4 d5 16. exd5 Nxd5 17. Nxd5 Rxe1+ 18. Qxe1 cxd5 19. Bb3 Bxd4 20. cxd4 Be6 21. Qb4 Ng6 22. Bd2 Ne7 23. Bg5 Nc6 24. Qxb7 Rb8 25. Bxd8 Rxb7 26. Bb6 Nxd4 27. Bd1 Nb5 28. Be2 Bd7 29. Rd1 Be6 30. Bf3 Rd7 31. Rc1 Nd6 32. Be2 h6 33. Bxa6 Re7 34. Bd3 Nc4 35. Bd4 f5 36. a6 Re8 37. Re1 g6 38. b3 Nd6 39. Be5 1-0

[Event "Voronezh op-B 14th"]
[Site "Voronezh"]
[Date "2010.06.21"]
[Round "9"]
[White "Shishkin, Alexander"]
[Black "Andreev, Viktor"]
[Result "1-0"]
[WhiteElo "2061"]
[BlackElo "2228"]
[PlyCount "65"]
[EventDate "2010.06.12"]
[EventType "swiss"]
[EventRounds "9"]
[EventCountry "RUS"]
[SourceTitle "CBM 137 Extra"]
[Source "ChessBase"]
[SourceDate "2010.09.01"]
[SourceVersion "1"]
[SourceVersionDate "2010.09.01"]
[SourceQuality "1"]

1. d4 Nf6 2. g3 d5 3. Bg2 e6 4. Nf3 c5 5. c3 Nc6 6. 0-0 Be7 7. Bf4 0-0 8. dxc5 Bxc5 9. Nbd2 Re8 10. Ne5 Nd7 11. Nxd7 Bxd7 12. e4 e5 13. Nb3 Bb6 14. exd5 exf4 15. dxc6 bxc6 16. gxf4 Qc7 17. Qf3 Re6 18. Nc1 Rg6 19. Kh1 Re8 20. Nd3 Bg4 21. Rfe1 Rd8 22. Qe4 Re6 23. Qc4 Red6 24. Qe4 g6 25. Ne5 Bf5 26. Qc4 Bxf2 27. Rf1 Be6 28. Qa4 Be3 29. Rae1 Bd2 30. Rd1 c5 31. Nc4 Bxc4 32. Qxc4 Bxf4 33. Qxf4 1-0

[Event "Voronezh op-B 14th"]
[Site "Voronezh"]
[Date "2010.06.16"]
[Round "5"]
[White "Avtsynov, Artyom"]
[Black "Andreev, Viktor"]
[Result "1-0"]
[WhiteElo "1950"]
[BlackElo "2228"]
[PlyCount "45"]
[EventDate "2010.06.12"]
[EventType "swiss"]
[EventRounds "9"]
[EventCountry "RUS"]
[SourceTitle "CBM 137 Extra"]
[Source "ChessBase"]
[SourceDate "2010.09.01"]
[SourceVersion "1"]
[SourceVersionDate "2010.09.01"]
[SourceQuality "1"]

1. e4 e5 2. Nf3 Nc6 3. d4 exd4 4. Nxd4 Nf6 5. Nxc6 bxc6 6. e5 Qe7 7. Qe2 Nd5 8. c4 Ba6 9. b3 g5 10. Bb2 Bg7 11. Qe4 Nf4 12. Nd2 Ng6 13. Nf3 0-0 14. 0-0-0 f5 15. Qc2 g4 16. Nd4 Bxe5 17. Kb1 c5 18. Nxf5 Qg5 19. Bd3 Bb7 20. h4 gxh3 21. Rxh3 Bxg2 22. f4 Qxf4 23. Qxg2 1-0

[Event "Khanty-Mansiysk Governor Cup-B 5th"]
[Site "Khanty-Mansiysk"]
[Date "2009.12.01"]
[Round "8"]
[White "Galiakhmedov, Albert"]
[Black "Andreev, Viktor"]
[Result "1/2-1/2"]
[WhiteElo "1872"]
[BlackElo "2258"]
[PlyCount "124"]
[EventDate "2009.11.24"]
[EventType "swiss"]
[EventRounds "11"]
[EventCountry "RUS"]
[SourceTitle "EXT 2011"]
[Source "ChessBase"]
[SourceDate "2010.11.26"]
[SourceVersion "1"]
[SourceVersionDate "2010.11.26"]
[SourceQuality "1"]

1. d4 d6 2. g3 g6 3. Bg2 Bg7 4. e4 Nf6 5. Ne2 0-0 6. 0-0 e5 7. dxe5 dxe5 8. Be3 Qxd1 9. Rxd1 b6 10. Nbc3 c6 11. h3 Re8 12. Rd6 Be6 13. Rad1 Bf8 14. R6d2 c5 15. Nd5 Nxd5 16. exd5 Bd7 17. c4 Na6 18. a3 Rad8 19. b3 f5 20. f3 g5 21. Nc3 Bg7 22. Rc2 Rf8 23. g4 e4 24. gxf5 exf3 25. Bf1 Bxf5 26. Rcc1 Nb8 27. Bf2 h5 28. Kh2 Be5+ 29. Bg3 Bd4 30. Bd3 Nd7 31. Bxf5 Rxf5 32. Nb5 h4 33. Bc7 Be3 34. Bxd8 Bxc1 35. Rxc1 Re5 36. Kg1 Re2 37. Bc7 Rg2+ 38. Kf1 a6 39. Nc3 Nf6 40. Be5 Nd7 41. Re1 g4 42. hxg4 h3 43. Bc7 h2 44. Bxh2 Rxh2 45. Re3 Rh4 46. g5 Rg4 47. Rxf3 Rxg5 48. Re3 Kf8 49. Ke2 Rg2+ 50. Kd3 Rb2 51. d6 Rxb3 52. Kc2 Rxa3 53. Re7 Nf6 54. Rb7 b5 55. cxb5 axb5 56. Rxb5 Ke8 57. Rxc5 Nd7 58. Rd5 Kf7 59. Rd4 Ra6 60. Kb3 Rb6+ 61. Ka4 Nc5+ 62. Ka5 Rxd6 1/2-1/2

[Event "Khanty-Mansiysk Governor Cup-B 5th"]
[Site "Khanty-Mansiysk"]
[Date "2009.11.26"]
[Round "3"]
[White "Andreev, Viktor"]
[Black "Chigaeva, Anastasia"]
[Result "1-0"]
[WhiteElo "2258"]
[BlackElo "1752"]
[PlyCount "45"]
[EventDate "2009.11.24"]
[EventType "swiss"]
[EventRounds "11"]
[EventCountry "RUS"]
[SourceTitle "EXT 2011"]
[Source "ChessBase"]
[SourceDate "2010.11.26"]
[SourceVersion "1"]
[SourceVersionDate "2010.11.26"]
[SourceQuality "1"]

1. e4 c5 2. Nf3 d6 3. d4 cxd4 4. c3 d3 5. Bxd3 a6 6. c4 Nf6 7. h3 e6 8. 0-0 Qc7 9. Nc3 Be7 10. Qe2 Nc6 11. Bf4 Nd7 12. Rac1 Nde5 13. Bb1 0-0 14. Rfd1 Rd8 15. Nh2 Bd7 16. Be3 b6 17. f4 Ng6 18. Nf3 Rac8 19. Qf2 Rb8 20. a3 Rdc8 21. b4 Qd8 22. Qd2 Qc7 23. e5 1-0

[Event "Moscow op-B"]
[Site "Moscow"]
[Date "2009.11.20"]
[Round "1"]
[White "Andreev, Viktor"]
[Black "Obrezchikov, Mikhail"]
[Result "1/2-1/2"]
[WhiteElo "2258"]
[BlackElo "1983"]
[PlyCount "46"]
[EventDate "2009.01.31"]
[EventType "swiss"]
[EventRounds "9"]
[EventCountry "RUS"]
[SourceTitle "EXT 2012"]
[Source "ChessBase"]
[SourceDate "2011.11.24"]
[SourceVersion "1"]
[SourceVersionDate "2011.11.24"]
[SourceQuality "1"]

1. e4 e6 2. d4 d5 3. Nc3 Nf6 4. exd5 exd5 5. Nf3 Bg4 6. Be2 c6 7. h3 Bh5 8. 0-0 Bd6 9. Nh4 Bg6 10. Bd3 0-0 11. Nf5 Bc7 12. Bg5 Bxf5 13. Bxf5 Qd6 14. g3 h6 15. Be3 Re8 16. Qf3 Na6 17. a3 Re7 18. Bd3 Rae8 19. Rae1 Ne4 20. Bf4 Qf6 21. Bxe4 Bxf4 22. Qxf4 Qxf4 23. gxf4 dxe4 1/2-1/2

[Event "Moscow op-B"]
[Site "Moscow"]
[Date "2009.02.08"]
[Round "9"]
[White "Andreev, Viktor"]
[Black "Simonian, Tigran"]
[Result "0-1"]
[WhiteElo "2258"]
[BlackElo "2207"]
[PlyCount "80"]
[EventDate "2009.01.31"]
[EventType "swiss"]
[EventRounds "9"]
[EventCountry "RUS"]
[SourceTitle "EXT 2012"]
[Source "ChessBase"]
[SourceDate "2011.11.24"]
[SourceVersion "1"]
[SourceVersionDate "2011.11.24"]
[SourceQuality "1"]

1. e4 c5 2. Nf3 Nc6 3. d4 cxd4 4. Nxd4 Nf6 5. Nc3 e5 6. Ndb5 d6 7. Bg5 a6 8. Na3 b5 9. Nd5 Qa5+ 10. Bd2 Qd8 11. Bg5 Qa5+ 12. Bd2 Qd8 13. Nxf6+ Qxf6 14. c4 Qg6 15. f3 b4 16. Bxb4 Nxb4 17. Qa4+ Bd7 18. Qxb4 d5 19. Qa5 Rb8 20. 0-0-0 Bb4 21. Qxd5 Qg5+ 22. Kb1 0-0 23. h4 Qf6 24. Nc2 Bc3 25. b3 Ba4 26. c5 Rfd8 27. Ne3 Rxd5 28. Nxd5 Qe6 29. Kc2 Bd4 30. bxa4 Rb2+ 31. Kd3 Qe8 32. c6 Qf8 33. Rd2 Qa3+ 34. Ke2 Bb6 35. f4 Kf8 36. Nxb6 Rxd2+ 37. Kxd2 Qb2+ 38. Kd1 Qxb6 39. Bd3 Qxc6 40. Bc2 exf4 0-1

[Event "Moscow op-B"]
[Site "Moscow"]
[Date "2009.02.07"]
[Round "8"]
[White "Krivenko, Sergey"]
[Black "Andreev, Viktor"]
[Result "0-1"]
[WhiteElo "2111"]
[BlackElo "2258"]
[PlyCount "80"]
[EventDate "2009.01.31"]
[EventType "swiss"]
[EventRounds "9"]
[EventCountry "RUS"]
[SourceTitle "EXT 2012"]
[Source "ChessBase"]
[SourceDate "2011.11.24"]
[SourceVersion "1"]
[SourceVersionDate "2011.11.24"]
[SourceQuality "1"]

1. d4 Nf6 2. c4 g6 3. Nc3 Bg7 4. e4 d6 5. f3 0-0 6. Be3 c5 7. Nge2 cxd4 8. Nxd4 Nc6 9. Be2 Nd7 10. Nb3 a5 11. Rc1 a4 12. Nd4 Qa5 13. 0-0 Nc5 14. Ndb5 Be6 15. Qc2 Qb4 16. Qb1 Bxc4 17. Bxc4 Qxc4 18. Nc7 Rac8 19. Rfd1 Nd4 20. N7d5 Rce8 21. Nxe7+ Rxe7 22. Nd5 Qxd5 23. exd5 Rxe3 24. Re1 Ne2+ 25. Kf1 Rfe8 26. Rc2 Ng3+ 27. hxg3 Rxe1+ 28. Qxe1 Rxe1+ 29. Kxe1 Bxb2 30. Re2 Bc3+ 31. Kd1 Kf8 32. Kc2 Bf6 33. Re1 a3 34. g4 h6 35. Rb1 Bb2 36. Rh1 Bg7 37. Rb1 Bb2 38. Rh1 Kg7 39. Re1 Be5 40. Rb1 Kf6 0-1

[Event "Moscow op-B"]
[Site "Moscow"]
[Date "2009.02.04"]
[Round "5"]
[White "Andreev, Viktor"]
[Black "Muhtarov, Leonid"]
[Result "1-0"]
[WhiteElo "2258"]
[BlackElo "2124"]
[PlyCount "67"]
[EventDate "2009.01.31"]
[EventType "swiss"]
[EventRounds "9"]
[EventCountry "RUS"]
[SourceTitle "EXT 2012"]
[Source "ChessBase"]
[SourceDate "2011.11.24"]
[SourceVersion "1"]
[SourceVersionDate "2011.11.24"]
[SourceQuality "1"]

1. e4 c5 2. Nf3 e6 3. d4 cxd4 4. c3 dxc3 5. Nxc3 a6 6. a4 Nc6 7. Bc4 Nge7 8. 0-0 Ng6 9. Qe2 d6 10. Rd1 Be7 11. Be3 Bd7 12. h4 Qa5 13. g3 Qh5 14. Rd2 Rc8 15. Qd1 Qa5 16. Be2 Nce5 17. Qb3 Nxf3+ 18. Bxf3 Ne5 19. Be2 b5 20. Rd4 0-0 21. Ra2 Nc6 22. axb5 Nxd4 23. Bxd4 Qc7 24. b6 Qb7 25. Bxa6 Rxc3 26. Qxc3 Qxe4 27. Bd3 Qg4 28. b7 Ba4 29. b3 Qd1+ 30. Kh2 Bxb3 31. Rd2 Qg4 32. Qxb3 Bxh4 33. b8Q Bxg3+ 34. fxg3 1-0

[Event "Moscow op-B"]
[Site "Moscow"]
[Date "2009.02.03"]
[Round "4"]
[White "Kharlamov, Igor"]
[Black "Andreev, Viktor"]
[Result "1/2-1/2"]
[WhiteElo "2088"]
[BlackElo "2258"]
[PlyCount "86"]
[EventDate "2009.01.31"]
[EventType "swiss"]
[EventRounds "9"]
[EventCountry "RUS"]
[SourceTitle "EXT 2012"]
[Source "ChessBase"]
[SourceDate "2011.11.24"]
[SourceVersion "1"]
[SourceVersionDate "2011.11.24"]
[SourceQuality "1"]

1. Nf3 d6 2. d4 g6 3. c4 Bg7 4. Nc3 Nf6 5. e4 0-0 6. Be2 e5 7. 0-0 Nc6 8. d5 Ne7 9. b4 a5 10. Ba3 Nd7 11. bxa5 Rxa5 12. Bb4 Ra8 13. a4 f5 14. Ng5 Nf6 15. c5 Nxe4 16. Ncxe4 fxe4 17. cxd6 cxd6 18. Nxe4 Rf4 19. Bf3 Bf5 20. Re1 Bxe4 21. Rxe4 Rxe4 22. Bxe4 Nf5 23. Rb1 Qd7 24. a5 Nd4 25. h3 Rc8 26. Bd2 Rc5 27. Bd3 Bf8 28. Rb6 Rc7 29. Qb1 Qf7 30. Qa2 e4 31. Bc4 Qf6 32. a6 bxa6 33. Qxa6 Nc2 34. Rc6 Rf7 35. Qb6 Qa1+ 36. Bf1 Qd1 37. Be3 Nxe3 38. Qxe3 Qxd5 39. Rc4 Re7 40. Rd4 Qe5 41. Bc4+ Kh8 42. Bd5 Ra7 43. g3 Ra5 1/2-1/2

[Event "St Petersburg White Nights op"]
[Site "St Petersburg"]
[Date "1999.??.??"]
[Round "7"]
[White "Andreev, Viktor"]
[Black "Vunder, Andrei"]
[Result "1/2-1/2"]
[WhiteElo "2220"]
[BlackElo "2264"]
[PlyCount "79"]
[EventDate "1999.06.??"]
[EventType "swiss"]
[EventRounds "9"]
[EventCountry "RUS"]
[SourceTitle "EXT 2000"]
[Source "ChessBase"]
[SourceDate "1999.11.16"]
[SourceVersion "1"]
[SourceVersionDate "1999.11.16"]
[SourceQuality "1"]

1. e4 e6 2. d3 d5 3. Nd2 c5 4. Ngf3 Nc6 5. g3 Nf6 6. Bg2 Be7 7. 0-0 b6 8. Re1 Qc7 9. Qe2 Nb4 10. Nf1 dxe4 11. dxe4 Ba6 12. c4 Rd8 13. Bf4 Qc8 14. e5 Nd7 15. b3 Bb7 16. h4 Qa8 17. Red1 h6 18. h5 Nc2 19. Rac1 Nd4 20. Nxd4 Bxg2 21. Ne3 Be4 22. Nb5 0-0 23. Nc7 Bf3 24. Ned5 Qxd5 25. Nxd5 Bxe2 26. Nxe7+ Kh7 27. Rd2 Bxh5 28. Nc6 Rc8 29. Nxa7 Rc7 30. Nb5 Rb7 31. Rc3 g5 32. Rcd3 gxf4 33. Rxd7 Rxd7 34. Rxd7 fxg3 35. fxg3 Rg8 36. Rd3 Bg6 37. Rd2 Bh5 38. Rd3 Bg6 39. Rd2 Bh5 40. Rd3 1/2-1/2

[Event "RUS-Cup10"]
[Site "Tomsk"]
[Date "1997.07.28"]
[Round "7"]
[White "Andreev, Viktor"]
[Black "Belozerov, Andrei"]
[Result "1/2-1/2"]
[WhiteElo "2245"]
[BlackElo "2450"]
[PlyCount "112"]
[EventDate "1997.07.21"]
[EventType "swiss"]
[EventRounds "9"]
[EventCountry "RUS"]
[SourceTitle "EXT 2000"]
[Source "ChessBase"]
[SourceDate "1999.11.16"]
[SourceVersion "1"]
[SourceVersionDate "1999.11.16"]
[SourceQuality "1"]

1. e4 e5 2. Nf3 Nc6 3. Bb5 a6 4. Bxc6 dxc6 5. d4 exd4 6. Qxd4 Qxd4 7. Nxd4 Bd7 8. Be3 0-0-0 9. Nd2 g6 10. 0-0 Bg7 11. c3 Ne7 12. N4f3 f5 13. Ng5 Rde8 14. e5 Nd5 15. Bd4 h6 16. e6 Bxd4 17. exd7+ Kxd7 18. cxd4 hxg5 19. Nf3 g4 20. Ne5+ Kc8 21. Nxg6 Rh6 22. Ne5 c5 23. Rad1 Nf4 24. Rfe1 Rhe6 25. Kf1 cxd4 26. Rxd4 Nxg2 27. Kxg2 Rxe5 28. Rxe5 Rxe5 29. Kg3 Re2 30. Rd5 Rxb2 31. Rxf5 Rxa2 32. Kxg4 b5 33. h4 b4 34. h5 Ra1 35. h6 Rg1+ 36. Kh5 b3 37. Rf8+ Kb7 38. Rf3 b2 39. Rb3+ Kc6 40. Rxb2 Rh1+ 41. Kg6 Rg1+ 42. Kf6 Rh1 43. Kg7 Rg1+ 44. Kh8 Rg2 45. Re2 Kd6 46. Ra2 c6 47. h7 Kd5 48. Ra5+ c5 49. Rxa6 c4 50. Ra5+ Ke4 51. f4 Kxf4 52. Rc5 Rg6 53. Rc8 Kg5 54. Rxc4 Ra6 55. Rc8 Kh6 56. Kg8 Rg6+ 1/2-1/2

[Event "RUS-Cup5"]
[Site "Ekaterinburg"]
[Date "1997.??.??"]
[Round "8"]
[White "Andreev, Viktor"]
[Black "Sergeev, Nickolay"]
[Result "0-1"]
[WhiteElo "2085"]
[BlackElo "2330"]
[PlyCount "54"]
[EventDate "1997.02.13"]
[EventType "swiss"]
[EventRounds "9"]
[EventCountry "RUS"]
[SourceTitle "CBM 057 Extra"]
[Source "ChessBase"]
[SourceDate "1997.05.01"]
[SourceVersion "1"]
[SourceVersionDate "1997.05.01"]
[SourceQuality "1"]

1. e4 c5 2. Nf3 d6 3. d4 cxd4 4. Nxd4 Nf6 5. Nc3 a6 6. Be2 e6 7. a4 Be7 8. Be3 Nc6 9. Nb3 Na5 10. 0-0 0-0 11. f4 Qc7 12. Qd3 Bd7 13. e5 dxe5 14. fxe5 Nd5 15. Nxd5 exd5 16. Qxd5 Nxb3 17. Qxb3 Qxe5 18. Bc4 Bf6 19. Rae1 Bc6 20. c3 Rac8 21. Bd3 Rfe8 22. Re2 Qd6 23. Bf5 Rcd8 24. Rd2 Qe7 25. Re2 Bg5 26. Rfe1 Bxe3+ 27. Rxe3 Qc5 0-1

[Event "RUS-Cup5"]
[Site "Ekaterinburg"]
[Date "1997.??.??"]
[Round "4"]
[White "Kostenko, Petr"]
[Black "Andreev, Viktor"]
[Result "1-0"]
[WhiteElo "2365"]
[BlackElo "2085"]
[PlyCount "53"]
[EventDate "1997.02.13"]
[EventType "swiss"]
[EventRounds "9"]
[EventCountry "RUS"]
[SourceTitle "CBM 057 Extra"]
[Source "ChessBase"]
[SourceDate "1997.05.01"]
[SourceVersion "1"]
[SourceVersionDate "1997.05.01"]
[SourceQuality "1"]

1. e4 e5 2. Nf3 Nc6 3. Bb5 a6 4. Ba4 Nf6 5. Qe2 b5 6. Bb3 Bc5 7. c3 d6 8. 0-0 Bg4 9. Rd1 Bb6 10. a4 Rb8 11. axb5 axb5 12. Na3 Nh5 13. d3 Na5 14. Ba2 0-0 15. Nxb5 Kh8 16. d4 f5 17. dxe5 Bxf3 18. Qxf3 fxe4 19. Qxh5 Bxf2+ 20. Kh1 Rxb5 21. Rd5 g6 22. Qe2 Rxd5 23. Bxd5 dxe5 24. Bh6 Qxd5 25. Bxf8 e3 26. Bh6 Qc5 27. Qa6 1-0

[Event "RUS-Cup5"]
[Site "Ekaterinburg"]
[Date "1997.??.??"]
[Round "2"]
[White "Vokarev, Sergey"]
[Black "Andreev, Viktor"]
[Result "1-0"]
[WhiteElo "2530"]
[BlackElo "2085"]
[PlyCount "91"]
[EventDate "1997.02.13"]
[EventType "swiss"]
[EventRounds "9"]
[EventCountry "RUS"]
[SourceTitle "CBM 057 Extra"]
[Source "ChessBase"]
[SourceDate "1997.05.01"]
[SourceVersion "1"]
[SourceVersionDate "1997.05.01"]
[SourceQuality "1"]

1. e4 e5 2. Nf3 Nc6 3. Bb5 a6 4. Ba4 g6 5. d4 b5 6. Bb3 exd4 7. Bg5 Be7 8. Bxe7 Ngxe7 9. Nxd4 Nxd4 10. Qxd4 0-0 11. Nc3 d6 12. Qd2 Bb7 13. 0-0 c5 14. Bd5 Nxd5 15. Nxd5 Re8 16. f3 Bxd5 17. Qxd5 Qf6 18. c3 Qe6 19. Rfd1 Red8 20. Rd2 Qxd5 21. Rxd5 Kf8 22. Rad1 Ke7 23. g4 f6 24. h4 Rac8 25. Kf2 Rc6 26. f4 h6 27. Ke3 Rb8 28. Rg1 Ke6 29. Rgd1 c4 30. a3 a5 31. Kd4 Ra6 32. Ra1 Rbb6 33. g5 Ra8 34. f5+ Kf7 35. fxg6+ Kxg6 36. h5+ Kg7 37. gxf6+ Kf7 38. Rg1 b4 39. Rf5 bxa3 40. Rg7+ Kf8 41. bxa3 Rb1 42. Rh7 Rd1+ 43. Kxc4 Rc8+ 44. Kb3 Kg8 45. Rxh6 Rc7 46. Rg5+ 1-0